| 000 | 01796cam a2200493 i 4500 | ||
|---|---|---|---|
| 001 | 10858545 | ||
| 003 | ARRUPE | ||
| 005 | 20141103134324.0 | ||
| 008 | 120806t20112011za ab b 000 0 eng d | ||
| 010 | _a 2012313275 | ||
| 020 | _a9789982224802 | ||
| 020 | _a9982224808 | ||
| 035 | _a(OCoLC)ocn844954663 | ||
| 035 | _a(OCoLC)844954663 | ||
| 035 | _a(NNC)10858545 | ||
| 040 |
_aOSU _beng _erda _cOSU _dDLC _dOCLCF |
||
| 042 |
_alccopycat _alcode |
||
| 043 | _af-za--- | ||
| 050 | 0 | 0 |
_aDT3054 _b.K19 2011 |
| 100 | 1 |
_aKatanekwa, N. M., _eauthor. _912324 |
|
| 245 | 1 | 0 |
_aZambia's outstanding natural, cultural and historic sites : _ba heritage legacy for all / _cNicholas Mwitelela Katanekwa. |
| 246 | 1 | 4 |
_aZambia's outstanding natural, cultural & historic sites : _ba heritage legacy for all |
| 300 |
_avi, 196 pages : _billustrations (chiefly color), color maps ; _c26 cm |
||
| 504 | _aIncludes bibliographical references (pages 193-194). | ||
| 650 | 0 |
_aNatural history _zZambia. _910888 |
|
| 650 | 0 |
_aCultural property _zZambia. _912325 |
|
| 650 | 0 |
_aHistoric sites _zZambia. _912326 |
|
| 650 | 7 |
_aAntiquities. _2fast _912327 |
|
| 650 | 7 |
_aCivilization. _2fast _912328 |
|
| 650 | 7 |
_aCultural property. _2fast _912329 |
|
| 650 | 7 |
_aHistoric sites. _2fast _912330 |
|
| 650 | 7 |
_aNatural history. _2fast _912331 |
|
| 650 | 7 |
_aTravel. _2fast _912332 |
|
| 651 | 0 |
_aZambia _xHistory. _912333 |
|
| 651 | 0 |
_aZambia _xCivilization. _912334 |
|
| 651 | 0 |
_aZambia _xAntiquities. _912335 |
|
| 651 | 0 |
_aZambia _xDescription and travel. _99185 |
|
| 651 | 7 |
_aZambia. _2fast _912336 |
|
| 655 | 7 |
_aHistory. _2fast _912337 |
|
| 856 | 4 | 1 |
_3Table of contents only _uhttp://catdir.loc.gov/catdir/toc/fy13pdf06/2012313275.html |
| 942 |
_2lcc _cMONOGRAPH |
||
| 948 | 1 |
_a20140710 _bc _cdc21 _dMPS |
|
| 999 |
_c121158 _d121158 |
||